[Event "AUTO-MASTER-3267"]
[Site "http://www.queenalice.com/game.php?id=1866856"]
[Date "2025.12.10"]
[Round "2"]
[White "WoodpusherKid"]
[Black "CCapivara"]
[Result "1-0"]
[WhiteElo "2607"]
[BlackElo "2226"]

1. c4 e5 2. d3 f5 3. g3 Nf6 4. Nf3 d6 5. Nc3 Be7 6. Bg2 c6 7. O-O O-O 8. e4 Qe8
9. Nh4 f4 10. Nf5 Bxf5 11. exf5 Qd7 12. g4 d5 13. cxd5 Nxd5 14. Re1 Bf6 15. d4
Nxc3 16. bxc3 exd4 17. Bxf4 h6 18. cxd4 Bxd4 19. Rb1 Na6 20. Re6 Rad8 21. Rd6
Qxd6 22. Bxd6 Rxd6 23. Qb3+ Kh8 24. Rd1 Rfd8 25. Re1 Nc5 26. Qf7 b5 27. Re8+
Rxe8 28. Qxe8+ Kh7 29. Bxc6 Nd3 30. Kg2 b4 31. f6 Nf4+ 32. Kf3 Rxf6 33. Be4+
Ng6+ 34. Bf5 h5 35. Qd7 hxg4+ 36. Kxg4 Bxf2 37. Kh5 1-0

[Event "AUTO-MASTER-3265"]
[Site "http://www.queenalice.com/game.php?id=1867319"]
[Date "2025.12.22"]
[Round "2"]
[White "CCapivara"]
[Black "josebaron"]
[Result "1-0"]
[WhiteElo "2308"]
[BlackElo "2163"]

1. e4 e5 2. Nf3 Nc6 3. Bb5 d6 4. O-O Be7 5. d4 exd4 6. Nxd4 Bd7 7. Bxc6 Bxc6 8.
Nxc6 bxc6 9. Nc3 Nf6 10. f3 O-O 11. b3 a5 12. a4 h6 13. Bb2 Re8 14. Ne2 Bf8 15.
Qe1 c5 16. Rd1 Nd7 17. Qg3 Ne5 18. Nf4 Ng6 19. Nxg6 fxg6 20. Qxg6 Qe7 21. Rd5
Qe6 22. Qg3 Kh7 23. Rf5 Qg6 24. Qh3 Rab8 25. Bc3 c6 26. Rd1 d5 27. exd5 cxd5 28.
Rdxd5 Rbd8 29. Qg3 Qxg3 30. hxg3 Rxd5 31. Rxd5 Re2 32. Rd2 1-0

[Event "AUTO-MASTER-3265"]
[Site "http://www.queenalice.com/game.php?id=1867320"]
[Date "2025.12.22"]
[Round "2"]
[White "josebaron"]
[Black "CCapivara"]
[Result "1-0"]
[WhiteElo "2161"]
[BlackElo "2324"]

1. e4 d6 2. Nf3 Nf6 3. Nc3 c6 4. Be2 Bg4 5. d4 Nbd7 6. O-O e5 7. d5 Be7 8. a4
cxd5 9. exd5 O-O 10. h3 Bh5 11. Re1 a6 12. Bg5 Rc8 13. a5 Nc5 14. Nh2 Bg6 15.
Bxf6 Bxf6 16. Bg4 Rc7 17. Bf3 Re8 18. Ne4 Nxe4 19. Bxe4 Bxe4 20. Rxe4 Rc5 21. b4
Rc3 22. Ng4 Be7 23. Ne3 Qc8 24. Qe2 f5 25. Rc4 Rxc4 26. Nxc4 f4 27. Qe4 Rf8 28.
Ra3 Qe8 29. Nb6 Qh5 30. Rf3 g5 31. c4 Qf7 32. Rc3 h5 33. c5 g4 34. c6 bxc6 35.
dxc6 f3 36. c7 fxg2 37. Qxg2 1-0

[Event "AUTO-MASTER-3265"]
[Site "http://www.queenalice.com/game.php?id=1867323"]
[Date "2025.12.22"]
[Round "2"]
[White "CCapivara"]
[Black "WoodpusherKid"]
[Result "0-1"]
[WhiteElo "2311"]
[BlackElo "2648"]

1. e4 e5 2. Nf3 Nc6 3. Bb5 Nf6 4. d3 Bc5 5. O-O Nd4 6. Bc4 Nxf3+ 7. Qxf3 d6 8.
Bg5 Be6 9. Bxf6 Qxf6 10. Qxf6 gxf6 11. Bxe6 fxe6 12. Nd2 h5 13. c3 a5 14. g3 h4
15. Kg2 a4 16. b4 Bb6 17. f4 exf4 18. gxf4 h3+ 19. Kf3 O-O-O 20. d4 e5 21. Nc4
Ba7 22. fxe5 fxe5 23. dxe5 dxe5 24. Rad1 Rdg8 25. Rd2 Bg1 26. Nxe5 Rf8+ 27. Ke2
Bxh2 28. Nf3 Bf4 29. Rd5 c6 30. Rf5 Rxf5 31. exf5 h2 32. Rh1 Kd7 33. c4 Ke7 34.
b5 Kf6 35. bxc6 bxc6 36. Nd4 c5 37. Kf3 Rh4 38. Ne2 Kxf5 39. Nxf4 Rxf4+ 40. Kg3
Rxc4 41. Rxh2 Ke4 42. Rb2 Rb4 43. Rc2 c4 44. Kf2 Kd3 45. Rc1 c3 0-1

[Event "AUTO-MASTER-3265"]
[Site "http://www.queenalice.com/game.php?id=1867324"]
[Date "2025.12.22"]
[Round "2"]
[White "WoodpusherKid"]
[Black "CCapivara"]
[Result "1-0"]
[WhiteElo "2638"]
[BlackElo "2313"]

1. Nf3 d6 2. d4 Nf6 3. c4 c6 4. g3 Bg4 5. Nc3 Nbd7 6. Bg2 e5 7. O-O Be7 8. d5
cxd5 9. cxd5 O-O 10. h3 Bh5 11. a4 Rc8 12. Be3 a6 13. Re1 Re8 14. Nd2 h6 15. Rc1
Bf8 16. Qb3 b6 17. Nc4 Rb8 18. a5 bxa5 19. Qa3 Nc5 20. Nxa5 Qb6 21. Bxc5 dxc5
22. Red1 Qxb2 23. Qxb2 Rxb2 24. d6 Rbb8 25. Nb7 Rxb7 26. Bxb7 a5 27. d7 Rd8 28.
g4 Bg6 29. Bc6 Be7 30. Kg2 Kf8 31. f3 Nh7 32. Nb5 Bg5 33. Rxc5 Bf4 34. Nd6 Ke7
35. Nb7 1-0

[Event "AUTO-OPEN-4607"]
[Site "http://www.queenalice.com/game.php?id=1867832"]
[Date "2026.1.10"]
[Round "2"]
[White "CCapivara"]
[Black "josebaron"]
[Result "0-1"]
[WhiteElo "2298"]
[BlackElo "2180"]

1. e4 e5 2. Nf3 Nc6 3. Bb5 d6 4. O-O Nf6 5. d3 Be7 6. h3 O-O 7. c3 Bd7 8. Be3 a6
9. Ba4 Na7 10. Bc2 c5 11. Nbd2 Nb5 12. Re1 Bc6 13. a4 Nc7 14. d4 cxd4 15. cxd4
exd4 16. Nxd4 Ne6 17. Nf5 Nc5 18. Qf3 Re8 19. Qg3 g6 20. f3 Bf8 21. Rad1 Nh5 22.
Qg4 Bd7 23. Bxc5 dxc5 24. Nf1 Qc7 25. Rxd7 Qb6 26. Rd2 a5 27. b3 c4+ 28. Kh1
cxb3 29. Bb1 Rad8 30. Rxd8 Rxd8 31. N1g3 Nxg3+ 32. Nxg3 Qb4 33. Rf1 b5 34. Qg5
Be7 35. Qh6 bxa4 36. e5 Qh4 37. Nf5 gxf5 38. Qb6 Qb4 39. Qh6 Qh4 40. Qb6 Qc4 41.
Re1 Qb4 42. Qf2 Qd2 43. Qg3+ Kh8 44. Rf1 Rg8 45. Qh2 a3 46. e6 fxe6 47. Qe5+ Rg7
48. Qb8+ Bd8 49. Rg1 a2 0-1

[Event "AUTO-OPEN-4607"]
[Site "http://www.queenalice.com/game.php?id=1867833"]
[Date "2026.1.10"]
[Round "2"]
[White "josebaron"]
[Black "CCapivara"]
[Result "0-1"]
[WhiteElo "2181"]
[BlackElo "2307"]

1. e4 d6 2. Nf3 Nf6 3. Nc3 Bg4 4. Be2 Nbd7 5. d4 c6 6. O-O e5 7. dxe5 dxe5 8. h3
Bh5 9. Bg5 Qc7 10. Nh4 Bg6 11. Bg4 Bb4 12. Bxd7+ Nxd7 13. Nxg6 hxg6 14. Qf3 Nc5
15. Rad1 Bxc3 16. bxc3 O-O 17. Rd2 Ne6 18. Be3 Rad8 19. Rfd1 Rxd2 20. Rxd2 Rd8
21. Qd1 b6 22. a4 Rxd2 23. Qxd2 Qd8 24. Qd3 Kf8 25. c4 Ke7 26. Qc3 Qd1+ 27. Kh2
Nd4 28. Bxd4 Qxd4 29. Qd3 Qxd3 30. cxd3 Kd6 0-1

[Event "AUTO-MASTER-3281"]
[Site "http://www.queenalice.com/game.php?id=1867856"]
[Date "2026.1.11"]
[Round "2"]
[White "CCapivara"]
[Black "LMP1989"]
[Result "1-0"]
[WhiteElo "2282"]
[BlackElo "2185"]

1. e4 c5 2. Nf3 Nc6 3. d4 cxd4 4. Nxd4 g6 5. Nc3 Bg7 6. Be3 Nf6 7. Be2 O-O 8.
Qd2 d6 9. O-O-O Bd7 10. f3 Nxd4 11. Bxd4 Bc6 12. g4 Nd7 13. Bxg7 Kxg7 14. h4 h6
15. f4 f5 16. gxf5 gxf5 17. Rhg1+ Kh7 18. exf5 Nf6 19. Rg6 Rg8 20. Rdg1 Qb6 21.
Rxg8 Rxg8 22. Rxg8 Nxg8 23. b3 Qg1+ 24. Kb2 Qf2 25. f6 1-0

[Event "AUTO-MASTER-3281"]
[Site "http://www.queenalice.com/game.php?id=1867857"]
[Date "2026.1.11"]
[Round "2"]
[White "LMP1989"]
[Black "CCapivara"]
[Result "0-1"]
[WhiteElo "2165"]
[BlackElo "2302"]

1. c4 e5 2. Nc3 d6 3. g3 f5 4. Bg2 Nf6 5. d3 Be7 6. Bg5 c6 7. Nf3 O-O 8. Bxf6
Bxf6 9. O-O Be6 10. Nd2 Nd7 11. e3 Qe8 12. Rc1 Qg6 13. b4 Rad8 14. b5 Nc5 15.
Nb3 cxb5 16. Nxb5 a6 17. Nc3 e4 18. d4 Nd3 19. d5 Nxc1 20. Qxc1 Bd7 21. Ne2 Rc8
22. Nf4 Qh6 23. Qa3 Be5 24. Rc1 g5 25. Ne2 f4 26. exf4 gxf4 27. gxf4 Bxf4 28.
Nxf4 Qxf4 29. Qb2 b5 30. cxb5 Rxc1+ 31. Nxc1 Bxb5 0-1

[Event "AUTO-MASTER-3281"]
[Site "http://www.queenalice.com/game.php?id=1867858"]
[Date "2026.1.11"]
[Round "2"]
[White "CCapivara"]
[Black "raulzampronha"]
[Result "1/2-1/2"]
[WhiteElo "2291"]
[BlackElo "2266"]

1. e4 c5 2. Nf3 e6 3. d4 cxd4 4. Nxd4 Nf6 5. Nc3 d6 6. Be3 Be7 7. Be2 O-O 8. O-O
a6 9. f4 Nc6 10. Nb3 Qc7 11. g4 d5 12. exd5 Nxd5 13. Nxd5 exd5 14. c3 Rd8 15.
Bf3 a5 16. Nd4 Nxd4 17. Bxd4 Bc5 18. Kg2 b6 19. Qd2 Bb7 20. Rae1 Re8 1/2-1/2

[Event "AUTO-MASTER-3281"]
[Site "http://www.queenalice.com/game.php?id=1867859"]
[Date "2026.1.11"]
[Round "2"]
[White "raulzampronha"]
[Black "CCapivara"]
[Result "0-1"]
[WhiteElo "2277"]
[BlackElo "2290"]

1. e4 d6 2. d4 Nf6 3. Nc3 c6 4. f4 Qa5 5. Bd3 e5 6. Nf3 Bg4 7. Be3 Nbd7 8. O-O
Be7 9. h3 exf4 10. Bxf4 Bh5 11. Qe1 O-O 12. e5 dxe5 13. dxe5 Nd5 14. Nxd5 Qxd5
15. Qg3 Nc5 16. Bf5 Ne6 17. b3 Bxf3 18. Qxf3 Qxf3 19. Rxf3 Nd4 20. Be4 Nxf3+ 21.
Bxf3 Rad8 22. Kf2 Bc5+ 0-1

[Event "AUTO-OPEN-4389"]
[Site "http://www.queenalice.com/game.php?id=1869844"]
[Date "2026.2.26"]
[Round "2"]
[White "CCapivara"]
[Black "cerenzo72"]
[Result "1-0"]
[WhiteElo "2287"]
[BlackElo "2181"]

1. e4 e5 2. Nf3 d6 3. Bc4 Be7 4. O-O Nf6 5. d3 O-O 6. c3 Bg4 7. Be3 Nbd7 8. Nbd2
c6 9. Qc2 d5 10. Bb3 b6 11. d4 exd4 12. Nxd4 Rc8 13. exd5 cxd5 14. Rfe1 Nc5 15.
f3 Nxb3 16. axb3 Bh5 17. Rxa7 Bc5 18. Qf5 Bg6 19. Qh3 Re8 20. Kf2 Ra8 21. Rxa8
Qxa8 22. b4 Bd6 23. Nb5 Qb8 24. Nxd6 Qxd6 25. Bd4 Rxe1 26. Kxe1 h6 27. Qc8+ Kh7
28. g3 Bd3 29. Kf2 Qe7 30. Be3 b5 31. Qc5 Qd7 32. Qd4 Qf5 33. Qf4 Qh3 34. g4 g5
35. Qg3 Qxg3+ 36. Kxg3 Kg6 37. Nb3 Bc4 38. Nd4 Nd7 39. Nc6 Ne5 40. Nxe5+ 1-0

[Event "AUTO-OPEN-4389"]
[Site "http://www.queenalice.com/game.php?id=1869845"]
[Date "2026.2.26"]
[Round "2"]
[White "cerenzo72"]
[Black "CCapivara"]
[Result "0-1"]
[WhiteElo "2171"]
[BlackElo "2296"]

1. c4 e5 2. Nc3 d6 3. Nf3 f5 4. d3 Nf6 5. e4 Be7 6. b4 O-O 7. Be2 c6 8. Bb2 Kh8
9. O-O Qe8 10. Qc2 Be6 11. d4 fxe4 12. Nxe4 Bf5 13. Bd3 exd4 14. Nxd4 Bxe4 15.
Bxe4 Nxe4 16. Qxe4 Bf6 17. Qc2 Nd7 18. Rae1 Qh5 19. Ne6 Rg8 20. Nf4 Qf7 21. Bxf6
Nxf6 22. Ne6 Rge8 23. Ng5 Qh5 24. Qd2 h6 25. Nf3 d5 26. cxd5 Nxd5 27. Qd4 a6 28.
Ne5 Re7 29. g4 Qe8 30. f4 Rd8 31. g5 hxg5 32. fxg5 Qh5 33. g6 Rde8 34. Rf7 Rxe5
35. Rxe5 Qxg6+ 36. Kh1 Qxf7 37. Qh4+ Kg8 38. Rxe8+ Qxe8 39. Qg4 Qe1+ 40. Qg1
Qxg1+ 41. Kxg1 Nxb4 0-1